000
00297nam a22001337a 4500
008
171127b xxu||||| |||| 00| 0 eng d
020
_a
9789951599023
041
_a
ALB
080
_a
34
100
_a
13
101
_a
JUR
245
_a
E DREJTA PENALE NDERKOMBETARE
_c
SALIHU. I
942
_2
udc
_c
BK
999
_c
38583
_d
38583